Privátne značky ako súčasť sortimentnej politiky v maloobchode s aplikáciou na spoločnosť Tesco Stores v Slovenskej republike

Sortimentná politika v maloobchode. Privátne značky. Výhody a nevýhody privátnych značiek. Trhový podiel privátnych značiek. Využitie privátnych značiek v spoločnosti Tesco Stores na Slovensku. Hodnotenie a výsledky kvantitatívneho prieskumu.

Enregistré dans:
Détails bibliographiques
Auteur principal: Hanzlíček, Lukáš
Format: Chapitre de livre
Langue:slovaque
Sujets:
Tags: Ajouter un tag
Pas de tags, Soyez le premier à ajouter un tag!

MARC

LEADER 00000naa$a2200000$$$4500
001 0196990
005 20240502073324.7
041 0 |a slo 
044 |a SK 
245 1 0 |a Privátne značky ako súčasť sortimentnej politiky v maloobchode s aplikáciou na spoločnosť Tesco Stores v Slovenskej republike  |c Lukáš Hanzlíček 
520 |a Sortimentná politika v maloobchode. Privátne značky. Výhody a nevýhody privátnych značiek. Trhový podiel privátnych značiek. Využitie privátnych značiek v spoločnosti Tesco Stores na Slovensku. Hodnotenie a výsledky kvantitatívneho prieskumu. 
610 2 0 |a značky 
610 2 0 |a značky maloobchodné 
610 2 0 |a tovar 
610 2 0 |a sortiment tovaru 
610 2 0 |a maloobchod 
610 2 0 |a siete obchodné 
610 2 0 |a prieskum 
100 1 |a Hanzlíček, Lukáš